<?xml version="1.0" encoding="UTF-8"?>
<record
    xmlns:xsi="http://www.w3.org/2001/XMLSchema-instance"
    xsi:schemaLocation="http://www.loc.gov/MARC21/slim http://www.loc.gov/standards/marcxml/schema/MARC21slim.xsd"
    xmlns="http://www.loc.gov/MARC21/slim">

  <leader>00750nam a22002052  4500</leader>
  <controlfield tag="001">0000012599</controlfield>
  <controlfield tag="005">20151217152109.0</controlfield>
  <controlfield tag="008">090222s         xx           000 0 eng d</controlfield>
  <datafield tag="040" ind1=" " ind2=" ">
    <subfield code="a">KABU</subfield>
    <subfield code="c">KABU</subfield>
  </datafield>
  <datafield tag="110" ind1="2" ind2=" ">
    <subfield code="a">European Forest Institute.</subfield>
    <subfield code="b">Certification Information Service (CIS)</subfield>
    <subfield code="@">0000169469</subfield>
  </datafield>
  <datafield tag="245" ind1="1" ind2="0">
    <subfield code="a">Certification Information Service sourcebook /</subfield>
    <subfield code="c">CIS.</subfield>
  </datafield>
  <datafield tag="250" ind1=" " ind2=" ">
    <subfield code="a">Updated  ed.</subfield>
  </datafield>
  <datafield tag="260" ind1=" " ind2=" ">
    <subfield code="a">Torikatu, Finland :</subfield>
    <subfield code="b">CIS,</subfield>
    <subfield code="c">1999.</subfield>
  </datafield>
  <datafield tag="300" ind1=" " ind2=" ">
    <subfield code="a">1 v. (various pagings) ;</subfield>
  </datafield>
  <datafield tag="650" ind1=" " ind2="0">
    <subfield code="a">Forest products</subfield>
    <subfield code="x">Certification</subfield>
    <subfield code="x">Handbooks, manuals, etc.</subfield>
    <subfield code="@">0000169470</subfield>
  </datafield>
  <datafield tag="650" ind1=" " ind2="0">
    <subfield code="a">Forest management</subfield>
    <subfield code="x">Standards</subfield>
    <subfield code="x">Handbooks, manuals, etc.</subfield>
    <subfield code="@">0000169471</subfield>
  </datafield>
  <datafield tag="852" ind1="1" ind2=" ">
    <subfield code="9">p500 KES</subfield>
  </datafield>
  <datafield tag="908" ind1=" " ind2=" ">
    <subfield code="a">090222</subfield>
  </datafield>
  <datafield tag="950" ind1=" " ind2=" ">
    <subfield code="@">1</subfield>
  </datafield>
  <datafield tag="999" ind1=" " ind2=" ">
    <subfield code="c">8240</subfield>
    <subfield code="d">8240</subfield>
  </datafield>
  <datafield tag="952" ind1=" " ind2=" ">
    <subfield code="0">0</subfield>
    <subfield code="1">0</subfield>
    <subfield code="2">lcc</subfield>
    <subfield code="7">0</subfield>
    <subfield code="a">KABU</subfield>
    <subfield code="b">KABU</subfield>
    <subfield code="d">2015-12-17</subfield>
    <subfield code="l">0</subfield>
    <subfield code="o">SD387 .S69E97 1999 c. 1</subfield>
    <subfield code="p">16765</subfield>
    <subfield code="r">2015-12-17 00:00:00</subfield>
    <subfield code="w">2015-12-17</subfield>
    <subfield code="y">BK</subfield>
  </datafield>
</record>
